Statistics for Random Knowledge Quiz #40

Click here to take the quiz!

General Stats

  • This quiz has been taken 87 times
  • The average score is 6 of 15

Answer Stats

QuestionAnswer% Correct
What plant makes up 99% of a giant panda's diet?Bamboo
96%
What is the German word for a motorway or a highway?Autobahn
75%
Sauerkraut is made of fermented... what?Cabbage
73%
Line of latitude 23.5 degrees north of the Equator is more commonly known as what?Tropic of Cancer
55%
Who is the only person to win two Nobel prizes in seperate sciences?Marie Curie
53%
The Grand Canyon was carved by which river?Colorado
52%
Some believe Mt Ararat in Turkey to be the final resting place of which transportation device told of in the Bible?Noah's Arc
49%
What does LED stand for?Light emitting diode
44%
Which Russian mountain range marks the boundary between Europe and Asia?The Urals
41%
In a story by Jules Verne, who traveled around the world in 80 days?Phileas Fogg
24%
Which bridge in Australia is also called th Coathanger Bridge?Sydney Harbour Bridge
23%
Who is missing: Will, Grace, Jack, and...?Karen
13%
Finish these lyrics: Mamma mia, here I go again / My, my, how can I resist you? / Mamma mia, does it show again / My, my, just how much...I've missed you
12%
Rounded to nearest 100, how many kilometers is the Great Wall of China?21 200 km (21 196 km)
5%
What is the name of fictional Greek island in the movie Mamma Mia?Kalokairi
3%

Score Distribution

Percentile by Number Answered

Percent of People with Each Score

Your Score History

You have not taken this quiz